000 00900cam a2200277zu 4500
001 10116774
003 FRCYB10116774
005 20251020123045.0
006 m o d
007 cr un
008 251020s2005 fr | o|||||0|0|||fre d
020 _a9782846701136
035 _aFRCYB10116774
040 _aFR-PaCSA
_bfr
_c
_erda
100 1 _aBalta, Paul
245 0 1 _aL'Islam
_c['Balta, Paul']
264 1 _bLe Cavalier Bleu éditions
_c2005
300 _a p.
336 _btxt
_2rdacontent
337 _bc
_2rdamdedia
338 _bc
_2rdacarrier
650 0 _a
700 0 _aBalta, Paul
856 4 0 _2Cyberlibris
_uhttps://international.scholarvox.com/netsen/book/10116774
_qtext/html
_a
520 _aMal connu, l’islam est trop souvent présenté comme une religion monolithique et immuable, objet de peurs, de fantasmes, et d’idées reçues tenaces.
999 _c1552880
_d1552880